| 000 | 01229nam a22003497a 4500 | ||
|---|---|---|---|
| 001 | BR0301224 | ||
| 003 | BR-BrBNA | ||
| 005 | 20230928101241.0 | ||
| 007 | ta | ||
| 008 | 230509b bl.||||| |||| 00| 0 por d | ||
| 040 |
_aBR-BrBNA _bpor _cBiblioteca Nacional de Agricultura |
||
| 041 | _a(Por) | ||
| 072 |
_aK10; K50 _b8901 |
||
| 090 | _ 8901 BR0301224 | ||
| 100 | 1 | _aAraujo, H.J.B. de | |
| 110 | 1 |
_aEscola Superior de Agricultura Luiz de Queiroz, Piracicaba, SP (Brasil) _0Tese (Mestre em Recursos Florestais) |
|
| 245 | 1 | _aAgrupamento das espécies madeireiras ocorrentes em pequenas áreas sob manejo florestal do projeto de colonização Pedro Peixoto (AC)por similaridade das propriedades físicas e mecânicas | |
| 260 | 3 |
_aPiracicaba, SP (Brasil): _c2002. |
|
| 300 | _a168 p. | ||
| 500 | _aSummaries (Eng, Por); Bibliography p. 150-157; 53 illus.; 25 tables | ||
| 650 | _aMADEIRA | ||
| 650 | _aREFLORESTAMENTO | ||
| 650 | _aPROPRIEDADE FÍSICO-QUÍMICA | ||
| 650 | _aPROJETO DE COLONIZAÇÃO | ||
| 650 | _aPROPRIEDADE MECÂNICA | ||
| 650 | _aMERCADO | ||
| 650 | _aINVENTÁRIO FLORESTAL | ||
| 650 | _aMÉTODO ESTATÍSTICO | ||
| 650 | _aACRE | ||
| 909 |
_a202309 _bLucia _c55 _dLucia Elande |
||
| 942 | _cBK | ||
| 999 |
_c64923 _d64923 |
||